Ricoeur as a Reader of Rawls’s A Theory of Justice (notice n° 2209573)
[ vue normale ]
| 000 -LEADER | |
|---|---|
| fixed length control field | 01493cam a2200157 4500500 |
| 005 - DATE AND TIME OF LATEST TRANSACTION | |
| control field | 20260412000249.0 |
| 041 ## - LANGUAGE CODE | |
| Language code of text/sound track or separate title | fre |
| 042 ## - AUTHENTICATION CODE | |
| Authentication code | dc |
| 100 10 - MAIN ENTRY--PERSONAL NAME | |
| Personal name | Kandil, Feriel |
| Relator term | author |
| 245 00 - TITLE STATEMENT | |
| Title | Ricoeur as a Reader of Rawls’s A Theory of Justice |
| 260 ## - PUBLICATION, DISTRIBUTION, ETC. | |
| Date of publication, distribution, etc. | 2026.<br/> |
| 500 ## - GENERAL NOTE | |
| General note | 52 |
| 520 ## - SUMMARY, ETC. | |
| Summary, etc. | The article examines the positive critique that Ricœur develops regarding Rawls’ A Theory of Justice. It highlights the specificity of this critique by contrasting with other, more radical criticisms, such as those from communitarians like Walzer, philosophers of recognition like Honneth, social choice theorists like Sen, or utilitarians like Harsanyi. Ricœur’s originality lies in considering Rawls’ analysis as one moment within a broader and dialectical approach to justice. The article demonstrates how Ricœur thus helps to bring out the internal tensions that contribute to the greatness of A Theory of Justice. In addition to Ricœur’s methodological, ethical, and epistemological arguments, the article adds a practical one. This argument concerns the paradox of distributive justice, which reflects the contradictions, at the heart of Rawlsian principles and their application, between the universal and the historical. |
| 786 0# - DATA SOURCE ENTRY | |
| Note | Revue de philosophie économique / Review of Economic Philosophy | - | 1 | 2026-02-19 | p. 139-170 | 1376-0971 |
| 856 41 - ELECTRONIC LOCATION AND ACCESS | |
| Uniform Resource Identifier | <a href="https://shs.cairn.info/journal-revue-de-philosophie-economique-2026-1-page-139?lang=en&redirect-ssocas=7080">https://shs.cairn.info/journal-revue-de-philosophie-economique-2026-1-page-139?lang=en&redirect-ssocas=7080</a> |
Pas d'exemplaire disponible.




Réseaux sociaux